Score 0/20 Timer 06:00
3 Plays Today
% Correct
'I Have a Dream'
91.3%
London
89.6%
Henry VIII
82.4%
The King's Speech
78.5%
Cobra
78.1%
Mufasa
76.8%
Kingfisher
60.2%
Correct. That's San Juan, Puerto Rico.
59.4%
Los Angeles
55.5%
CNN
51.1%
% Correct
Aragorn
47%
Don King
44%
Castling
39.5%
Kingsley Shacklebolt
36.1%
Peter Jackson
34.9%
Jerry Stiller
32.2%
The Dark Tower
26.7%
Kingdom Hearts
23.5%
Graham Chapman
22.3%
Bruce Campbell
13%
Remove Ads.
Support Sporcle.
Get the best of Sporcle when you Go Orange. This ad-free experience offers more features, more stats, and more fun while also helping to support Sporcle. Thank you for becoming a member.

You're not logged in!

Compare scores with friends on all Sporcle quizzes.
OR
Log In

Sporcle TV

Today on Sporcle TV


Watch our educational content, quiz creation guides, and fun videos on Sporcle TV.

Show Comments

Extras

Top Quizzes Today


Score Distribution

Paid Content

Your Account Isn't Verified!

In order to create a playlist on Sporcle, you need to verify the email address you used during registration. Go to your Sporcle Settings to finish the process.

Report this User

Report this user for behavior that violates our Community Guidelines.

Details: